[Event "Oberliga Ost-A 1617"]
[Site "Germany"]
[Date "2017.01.15"]
[Round "5.3"]
[White "Proehl, Holger"]
[Black "Neef, Maximilian"]
[Result "0-1"]
[WhiteElo "2360"]
[BlackElo "2441"]
[PlyCount "138"]
[EventDate "2016.10.16"]
[EventType "team-tourn"]
[EventRounds "11"]
[EventCountry "GER"]
[SourceTitle "EXT 2018"]
[Source "ChessBase"]
[SourceDate "2017.10.13"]
[SourceVersion "1"]
[SourceVersionDate "2017.10.13"]
[SourceQuality "1"]
[WhiteTeam "Loeberitz"]
[BlackTeam "Dresden USV TU II"]
[WhiteTeamCountry "GER"]
[BlackTeamCountry "GER"]

1. e4 e6 2. d4 d5 3. Nd2 c5 4. exd5 exd5 5. Bb5+ Bd7 6. Qe2+ Be7 7. dxc5 Nf6 8. Ngf3 0-0 9. 0-0 Bxc5 10. Nb3 Re8 11. Qd3 Bb6 12. Bxd7 Nbxd7 13. c3 Qe7 14. Bd2 Qe4 15. Qxe4 dxe4 16. Nfd4 Ne5 17. Nc2 Nc4 18. Bc1 Nd5 19. Nbd4 Rad8 20. Ne3 Ndxe3 21. fxe3 g6 22. a4 a6 23. b3 Ne5 24. Bd2 f5 25. h3 Rd7 26. Kf2 Rc8 27. Ke2 h5 28. Ra2 Kh7 29. Raa1 Kh6 30. Ra2 Ba5 31. b4 Bb6 32. a5 Bd8 33. Raa1 h4 34. Ra2 Bf6 35. Raa1 Nc4 36. Bc1 Rd5 37. Ra2 Nd6 38. Bd2 g5 39. Be1 Kg6 40. Bd2 Rc4 41. Be1 Bxd4 42. cxd4 Nb5 43. Rb2 Rd8 44. Bd2 Rdc8 45. Rfb1 Kf6 46. Kd1 Ke6 47. Rc1 Kd5 48. Rxc4 Rxc4 49. Be1 Ke6 50. Kd2 Nc7 51. Ke2 Kd7 52. Bd2 Rc6 53. Rb1 Ke6 54. Rb2 Nb5 55. Kd1 Nd6 56. Rb1 Kd5 57. Rb3 Rc4 58. Rb2 Rc6 59. Rb3 Kc4 60. Rc3+ Kb5 61. Rb3 Ne8 62. Rb1 Nc7 63. Ke2 Nd5 64. Rf1 f4 65. exf4 gxf4 66. Bxf4 Rc2+ 67. Ke1 Rxg2 68. Bd6 Kc4 69. Rf7 Kd3 0-1

[Event "Oberliga Ost-A 1516"]
[Site "Germany"]
[Date "2016.04.10"]
[Round "11.3"]
[White "Proehl, Holger"]
[Black "Beyer, Till"]
[Result "1/2-1/2"]
[WhiteElo "2373"]
[BlackElo "2069"]
[PlyCount "36"]
[EventDate "2015.09.20"]
[EventType "team-tourn"]
[EventRounds "11"]
[EventCountry "GER"]
[SourceTitle "EXT 2017"]
[Source "ChessBase"]
[SourceDate "2016.10.25"]
[SourceVersion "1"]
[SourceVersionDate "2016.10.25"]
[SourceQuality "1"]
[WhiteTeam "Loeberitz"]
[BlackTeam "Leipzig SG II"]
[WhiteTeamCountry "GER"]
[BlackTeamCountry "GER"]

1. e4 d6 2. d4 g6 3. Nf3 Bg7 4. Bc4 e6 5. 0-0 a6 6. a4 b6 7. Nbd2 Ne7 8. Re1 Nd7 9. c3 h6 10. h3 Bb7 11. Qe2 0-0 12. Bb3 Kh7 13. Nf1 c5 14. Bf4 e5 15. Bh2 exd4 16. cxd4 cxd4 17. Bxd6 Nc5 18. Bxc5 bxc5 1/2-1/2

[Event "Oberliga Ost-A 1516"]
[Site "Germany"]
[Date "2016.03.13"]
[Round "9.1"]
[White "Cerveny, Martin"]
[Black "Proehl, Holger"]
[Result "1-0"]
[WhiteElo "2399"]
[BlackElo "2373"]
[PlyCount "85"]
[EventDate "2015.09.20"]
[EventType "team-tourn"]
[EventRounds "11"]
[EventCountry "GER"]
[SourceTitle "EXT 2017"]
[Source "ChessBase"]
[SourceDate "2016.10.25"]
[SourceVersion "1"]
[SourceVersionDate "2016.10.25"]
[SourceQuality "1"]
[WhiteTeam "Aue Nickelhuette II"]
[BlackTeam "Loeberitz"]
[WhiteTeamCountry "GER"]
[BlackTeamCountry "GER"]

1. d4 Nf6 2. Nf3 b5 3. e3 a6 4. c3 e6 5. a4 b4 6. cxb4 Bxb4+ 7. Bd2 c5 8. Bxb4 cxb4 9. Nbd2 a5 10. Rc1 0-0 11. Bb5 Ba6 12. Qe2 Nd5 13. 0-0 f5 14. Bxa6 Nxa6 15. Rc2 Nac7 16. Rfc1 Ne8 17. Nb3 Nd6 18. Ne5 Qe7 19. g3 Rfb8 20. Rc5 Qd8 21. f3 Nf6 22. Qd3 h6 23. d5 Nb7 24. Rc7 d6 25. Nf7 Qe8 26. Rxb7 Rxb7 27. Nxd6 Qe7 28. Nxb7 Qxb7 29. dxe6 Qxf3 30. Nd4 Qe4 31. Qxe4 fxe4 32. h3 Nd5 33. Kf2 Nb6 34. b3 Nd5 35. Rc5 Nc3 36. Ke1 g6 37. Nc6 Kg7 38. e7 Kf7 39. Re5 Ke8 40. Nxa5 Ra7 41. Nc6 Rd7 42. Nd4 Rd6 43. g4 1-0

[Event "Oberliga Ost-A 1516"]
[Site "Germany"]
[Date "2016.02.21"]
[Round "8.1"]
[White "Proehl, Holger"]
[Black "Lechtynsky, Jiri"]
[Result "1/2-1/2"]
[WhiteElo "2373"]
[BlackElo "2366"]
[PlyCount "26"]
[EventDate "2015.09.20"]
[EventType "team-tourn"]
[EventRounds "11"]
[EventCountry "GER"]
[SourceTitle "EXT 2017"]
[Source "ChessBase"]
[SourceDate "2016.10.25"]
[SourceVersion "1"]
[SourceVersionDate "2016.10.25"]
[SourceQuality "1"]
[WhiteTeam "Loeberitz"]
[BlackTeam "Hoyerswerda"]
[WhiteTeamCountry "GER"]
[BlackTeamCountry "GER"]

1. e4 c5 2. c3 d5 3. exd5 Qxd5 4. d4 Nf6 5. dxc5 Qxc5 6. Na3 a6 7. Nf3 g6 8. g3 Bg7 9. Bg2 0-0 10. 0-0 Nc6 11. Ng5 h6 12. Ne4 Nxe4 13. Bxe4 Be6 1/2-1/2

[Event "Oberliga Ost-A 1516"]
[Site "Germany"]
[Date "2015.09.20"]
[Round "1.2"]
[White "Heyder, Florian"]
[Black "Proehl, Holger"]
[Result "1/2-1/2"]
[WhiteElo "2230"]
[BlackElo "2373"]
[PlyCount "69"]
[EventDate "2015.09.20"]
[EventType "team-tourn"]
[EventRounds "11"]
[EventCountry "GER"]
[SourceTitle "EXT 2017"]
[Source "ChessBase"]
[SourceDate "2016.10.25"]
[SourceVersion "1"]
[SourceVersionDate "2016.10.25"]
[SourceQuality "1"]
[WhiteTeam "Sangerhausen"]
[BlackTeam "Loeberitz"]
[WhiteTeamCountry "GER"]
[BlackTeamCountry "GER"]

1. e4 d5 2. exd5 Qxd5 3. Nf3 Nf6 4. d4 Bg4 5. Be2 c6 6. c4 Qa5+ 7. Bd2 Qb6 8. Qb3 Nbd7 9. Be3 e6 10. 0-0 Be7 11. Nbd2 0-0 12. h3 Bh5 13. Rfe1 Rfd8 14. Qc3 c5 15. Ne5 Bg6 16. Nxg6 hxg6 17. Bf3 cxd4 18. Bxd4 Bc5 19. Nb3 Bxd4 20. Nxd4 Nc5 21. Nb3 Rd3 22. Qc2 Rd7 23. Nxc5 Qxc5 24. a4 Rc8 25. b3 Rcd8 26. Rad1 b6 27. Rxd7 Rxd7 28. Qc3 Rd4 29. Qe3 a5 30. Bc6 Kh7 31. Bf3 Nd7 32. Bc6 Nf6 33. Bf3 Nd7 34. Bc6 Nf6 35. Bf3 1/2-1/2

[Event "Oberliga Ost-A 1415"]
[Site "Germany"]
[Date "2015.04.11"]
[Round "10.2"]
[White "Boehnisch, Manfred"]
[Black "Proehl, Holger"]
[Result "1/2-1/2"]
[WhiteElo "2271"]
[BlackElo "2393"]
[PlyCount "44"]
[EventDate "2014.09.21"]
[EventType "team-tourn"]
[EventRounds "11"]
[EventCountry "GER"]
[SourceTitle "EXT 2016"]
[Source "ChessBase"]
[SourceDate "2015.10.08"]
[SourceVersion "1"]
[SourceVersionDate "2015.10.08"]
[SourceQuality "1"]
[WhiteTeam "Leipzig SG II"]
[BlackTeam "Loeberitz"]
[WhiteTeamCountry "GER"]
[BlackTeamCountry "GER"]

1. e4 e6 2. Nf3 d5 3. exd5 exd5 4. d4 c5 5. Bb5+ Nc6 6. 0-0 Bd6 7. c4 a6 8. cxd5 axb5 9. dxc6 c4 10. cxb7 Bxb7 11. Nc3 Qb6 12. a4 b4 13. Nb5 Ne7 14. Qe2 0-0 15. Ne5 Bxe5 16. dxe5 Qc6 17. f3 Ba6 18. Bg5 Ng6 19. Rac1 Bxb5 20. axb5 Qxb5 21. Qxc4 Qxe5 22. Bd2 Qxb2 1/2-1/2

[Event "Oberliga Ost-A 1415"]
[Site "Germany"]
[Date "2015.01.18"]
[Round "7.2"]
[White "Andre, Gordon"]
[Black "Proehl, Holger"]
[Result "1/2-1/2"]
[WhiteElo "2334"]
[BlackElo "2393"]
[PlyCount "26"]
[EventDate "2014.09.21"]
[EventType "team-tourn"]
[EventRounds "11"]
[EventCountry "GER"]
[SourceTitle "EXT 2016"]
[Source "ChessBase"]
[SourceDate "2015.10.08"]
[SourceVersion "1"]
[SourceVersionDate "2015.10.08"]
[SourceQuality "1"]
[WhiteTeam "Magdeburg Aufbau Elbe"]
[BlackTeam "Loeberitz"]
[WhiteTeamCountry "GER"]
[BlackTeamCountry "GER"]

1. d4 d5 2. c4 e6 3. Nc3 Nf6 4. Bg5 Be7 5. e3 0-0 6. Nf3 Nbd7 7. Rc1 c6 8. a3 dxc4 9. Bxc4 Nd5 10. Bxe7 Qxe7 11. 0-0 N5b6 12. Ba2 e5 13. d5 Nf6 1/2-1/2

[Event "GER CupT final"]
[Site "Magdeburg"]
[Date "2014.05.10"]
[Round "1.3"]
[White "Proehl, Holger"]
[Black "Dautov, Rustem"]
[Result "0-1"]
[WhiteElo "2395"]
[BlackElo "2601"]
[PlyCount "56"]
[EventDate "2014.05.10"]
[EventType "team-k.o."]
[EventRounds "2"]
[EventCountry "GER"]
[SourceTitle "CBM 160 Extra"]
[Source "ChessBase"]
[SourceDate "2014.07.01"]
[SourceVersion "1"]
[SourceVersionDate "2014.07.01"]
[SourceQuality "1"]
[WhiteTeam "Loeberitz"]
[BlackTeam "Baden-Baden"]
[WhiteTeamCountry "GER"]
[BlackTeamCountry "GER"]

1. e4 c6 2. d4 d5 3. Nd2 dxe4 4. Nxe4 Bf5 5. Ng3 Bg6 6. Nf3 Nd7 7. Bd3 Bxd3 8. Qxd3 Ngf6 9. 0-0 e6 10. c4 Bd6 11. Re1 0-0 12. Bd2 Qc7 13. Bc3 Rad8 14. Rad1 a5 15. b3 Bb4 16. Qc2 Rfe8 17. Rd3 Nf8 18. Ne4 N8d7 19. Ng3 b6 20. Red1 Bxc3 21. Rxc3 e5 22. dxe5 Nxe5 23. Nxe5 Rxe5 24. Rcd3 Rde8 25. f3 h5 26. Rd6 Nd5 27. Nf5 Nf4 28. Qb1 Ne2+ 0-1

[Event "Oberliga Ost-A 1314"]
[Site "Germany"]
[Date "2014.04.05"]
[Round "10.2"]
[White "Proehl, Holger"]
[Black "Osmanodja, Filiz"]
[Result "1-0"]
[WhiteElo "2383"]
[BlackElo "2290"]
[PlyCount "85"]
[EventDate "2013.10.13"]
[EventType "team-tourn"]
[EventRounds "11"]
[EventCountry "GER"]
[SourceTitle "EXT 2015"]
[Source "ChessBase"]
[SourceDate "2014.11.20"]
[SourceVersion "1"]
[SourceVersionDate "2014.11.20"]
[SourceQuality "1"]
[WhiteTeam "Loeberitz"]
[BlackTeam "Dresden USV II"]
[WhiteTeamCountry "GER"]
[BlackTeamCountry "GER"]

1. e4 c5 2. c3 Nf6 3. e5 Nd5 4. g3 Nc6 5. Bg2 e6 6. Nf3 d6 7. exd6 Bxd6 8. 0-0 0-0 9. d4 cxd4 10. Nxd4 Nxd4 11. Qxd4 Qc7 12. Nd2 Bd7 13. Qc4 Bc6 14. Qe2 Nf6 15. Bxc6 Qxc6 16. Nf3 Rfe8 17. Nd4 Qd7 18. Rd1 a6 19. Bg5 e5 20. Nb3 Qe6 21. Bxf6 Qxf6 22. Rd5 Rad8 23. Rad1 Bb8 24. Nc5 Rxd5 25. Rxd5 e4 26. Nxe4 Qe6 27. Qf3 Ba7 28. Ng5 Qe1+ 29. Kg2 f6 30. Rd7 Qxf2+ 31. Qxf2 Bxf2 32. Kxf2 fxg5 33. Rxb7 Re6 34. c4 Rc6 35. b3 h5 36. Re7 Kh7 37. Re5 Kg6 38. c5 Rf6+ 39. Ke2 h4 40. g4 h3 41. Rd5 Re6+ 42. Kd2 Re4 43. c6 1-0

[Event "Oberliga Ost-A 1314"]
[Site "Germany"]
[Date "2014.02.23"]
[Round "8.2"]
[White "Womacka, Mathias"]
[Black "Proehl, Holger"]
[Result "1/2-1/2"]
[WhiteElo "2450"]
[BlackElo "2383"]
[PlyCount "105"]
[EventDate "2013.10.13"]
[EventType "team-tourn"]
[EventRounds "11"]
[EventCountry "GER"]
[SourceTitle "EXT 2015"]
[Source "ChessBase"]
[SourceDate "2014.11.20"]
[SourceVersion "1"]
[SourceVersionDate "2014.11.20"]
[SourceQuality "1"]
[WhiteTeam "Chemnitz"]
[BlackTeam "Loeberitz"]
[WhiteTeamCountry "GER"]
[BlackTeamCountry "GER"]

1. e4 b6 2. d4 Bb7 3. Bd3 e6 4. Nf3 d6 5. c4 Nd7 6. Nc3 Ngf6 7. h3 e5 8. d5 Be7 9. Be3 0-0 10. b4 a5 11. a3 c5 12. dxc6 Bxc6 13. 0-0 Qc7 14. Qb3 Qb7 15. Nd5 Bd8 16. Nd2 a4 17. Qc2 b5 18. Nxf6+ Nxf6 19. cxb5 Bxb5 20. Rac1 Bxd3 21. Qxd3 d5 22. exd5 Nxd5 23. Ne4 Be7 24. Nc5 Bxc5 25. Rxc5 Nxe3 26. Qxe3 f6 27. Rfc1 Rf7 28. Qc3 Rd8 29. Qc4 h6 30. Rc8 Qd7 31. Rxd8+ Qxd8 32. Qe6 Qd7 33. Rc8+ Kh7 34. Qxd7 Rxd7 35. Ra8 Rd1+ 36. Kh2 Rd2 37. Rxa4 Rb2 38. f3 Kg6 39. h4 h5 40. Ra5 Kf5 41. b5 g5 42. a4 g4 43. Kg3 Rb3 44. Kf2 gxf3 45. gxf3 Kf4 46. Ke2 f5 47. Ra7 Rb1 48. Kd3 Kxf3 49. Kc2 Rb4 50. Kc3 Rb1 51. Kc2 Rb4 52. Kc3 Rb1 53. Kc2 1/2-1/2

[Event "Oberliga Ost-A 1314"]
[Site "Germany"]
[Date "2014.01.19"]
[Round "7.3"]
[White "Bednar, Marcel"]
[Black "Proehl, Holger"]
[Result "1-0"]
[WhiteElo "2287"]
[BlackElo "2383"]
[PlyCount "35"]
[EventDate "2013.10.13"]
[EventType "team-tourn"]
[EventRounds "11"]
[EventCountry "GER"]
[SourceTitle "EXT 2015"]
[Source "ChessBase"]
[SourceDate "2014.11.20"]
[SourceVersion "1"]
[SourceVersionDate "2014.11.20"]
[SourceQuality "1"]
[WhiteTeam "Magdeburg Rochade"]
[BlackTeam "Loeberitz"]
[WhiteTeamCountry "GER"]
[BlackTeamCountry "GER"]

1. d4 d5 2. c4 c6 3. Nf3 Nf6 4. Nc3 e6 5. Bg5 Nbd7 6. e3 Be7 7. Qc2 0-0 8. a3 a6 9. Rc1 Re8 10. h3 Bd6 11. Bd3 h6 12. Bxf6 Qxf6 13. 0-0 Qe7 14. Rfe1 dxc4 15. Bxc4 e5 16. Qg6 Bc7 17. Ne4 Nf6 18. Bxf7+ 1-0

[Event "Oberliga Ost-A 1314"]
[Site "Germany"]
[Date "2014.01.18"]
[Round "6.3"]
[White "Proehl, Holger"]
[Black "Schoene, Maria"]
[Result "1-0"]
[WhiteElo "2383"]
[BlackElo "2240"]
[PlyCount "103"]
[EventDate "2013.10.13"]
[EventType "team-tourn"]
[EventRounds "11"]
[EventCountry "GER"]
[SourceTitle "EXT 2015"]
[Source "ChessBase"]
[SourceDate "2014.11.20"]
[SourceVersion "1"]
[SourceVersionDate "2014.11.20"]
[SourceQuality "1"]
[WhiteTeam "Loeberitz"]
[BlackTeam "Magdeburg Aufbau Elbe"]
[WhiteTeamCountry "GER"]
[BlackTeamCountry "GER"]

1. e4 c5 2. c3 Nf6 3. e5 Nd5 4. g3 Nc6 5. Bg2 Qc7 6. f4 e6 7. Nf3 Be7 8. 0-0 0-0 9. d3 f6 10. Qe2 b5 11. a4 bxa4 12. Rxa4 Bb7 13. Nbd2 Rae8 14. Re1 fxe5 15. fxe5 Rf5 16. Rg4 Ref8 17. Nc4 Kh8 18. Nh4 R5f7 19. Bg5 Rf2 20. Qe4 Nd8 21. Nd6 Nf4 22. Nxb7 Rxg2+ 23. Kh1 Bxg5 24. Nxd8 Qxd8 25. Rxf4 Rxb2 26. Rxf8+ Qxf8 27. Nf3 Bd8 28. Re2 Rb3 29. Rf2 g6 30. Kg2 Qe7 31. h4 Qe8 32. Qa8 h6 33. Nd2 Rb2 34. Nc4 Rxf2+ 35. Kxf2 Kg7 36. Kg2 Qe7 37. Nd6 Bb6 38. Ne8+ Kf7 39. Nd6+ Kg7 40. Ne8+ Kf7 41. Nf6 Qd8 42. Qf3 Kg7 43. h5 Bc7 44. d4 cxd4 45. cxd4 d6 46. Qe4 dxe5 47. Qxg6+ Kf8 48. Qxh6+ Ke7 49. Qg7+ Kd6 50. h6 exd4 51. h7 Qa8+ 52. Kh2 1-0

[Event "BL2-Nord 1213"]
[Site "Germany"]
[Date "2013.01.13"]
[Round "5.1"]
[White "Proehl, Holger"]
[Black "Grafl, Florian"]
[Result "0-1"]
[WhiteElo "2402"]
[BlackElo "2373"]
[PlyCount "58"]
[EventDate "2012.10.14"]
[EventType "team-tourn"]
[EventRounds "9"]
[EventCountry "GER"]
[SourceTitle "CBM 154 Extra"]
[Source "ChessBase"]
[SourceDate "2013.06.25"]
[SourceVersion "2"]
[SourceVersionDate "2013.06.25"]
[SourceQuality "1"]
[WhiteTeam "Loeberitz"]
[BlackTeam "Kassel"]
[WhiteTeamCountry "GER"]
[BlackTeamCountry "GER"]

1. e4 d5 2. exd5 Qxd5 3. d4 e5 4. dxe5 Qxd1+ 5. Kxd1 Nc6 6. Bf4 Bc5 7. Nd2 Bxf2 8. Ngf3 Nge7 9. Bc4 Ng6 10. Rf1 Bb6 11. Bg3 0-0 12. h3 Bd7 13. Bd3 Rad8 14. a3 Rfe8 15. Re1 Nd4 16. Kc1 Bf5 17. Bxf5 Nxf5 18. Bh2 Bf2 19. Re4 Bg3 20. Bxg3 Nxg3 21. Re3 Nf4 22. Kb1 Nxg2 23. Rc3 Re7 24. Ka2 Ne2 25. Rb3 b6 26. Rh1 Red7 27. Rb4 Rxd2 28. Nxd2 Rxd2 29. Rh2 Ne3 0-1

[Event "BL2-Nord 1213"]
[Site "Germany"]
[Date "2012.10.14"]
[Round "1.1"]
[White "Proehl, Holger"]
[Black "Sawatzki, Frank"]
[Result "1-0"]
[WhiteElo "2402"]
[BlackElo "2366"]
[PlyCount "117"]
[EventDate "2012.10.14"]
[EventType "team-tourn"]
[EventRounds "9"]
[EventCountry "GER"]
[SourceTitle "CBM 154 Extra"]
[Source "ChessBase"]
[SourceDate "2013.06.25"]
[SourceVersion "2"]
[SourceVersionDate "2013.06.25"]
[SourceQuality "1"]
[WhiteTeam "Loeberitz"]
[BlackTeam "Pinneberg"]
[WhiteTeamCountry "GER"]
[BlackTeamCountry "GER"]

1. e4 e5 2. Nc3 Nf6 3. Bc4 Nxe4 4. Qh5 Nd6 5. Qxe5+ Qe7 6. Qxe7+ Bxe7 7. Bb3 Nf5 8. Nge2 c6 9. d4 d5 10. Nd1 Nd7 11. c3 Nf6 12. Ne3 Nxe3 13. Bxe3 Bf5 14. f3 0-0-0 15. Kd2 Rde8 16. Rae1 h5 17. h4 Bd6 18. g3 Re6 19. Bf4 Ne8 20. Bc2 Bxc2 21. Kxc2 Kd7 22. Kd3 g6 23. Kd2 b6 24. Rh2 Ng7 25. Bxd6 Kxd6 26. Nf4 Rxe1 27. Kxe1 Nf5 28. Kf2 c5 29. Ne2 a5 30. Rh1 Re8 31. Rd1 c4 32. Nf4 b5 33. a3 Re7 34. Ra1 Kc6 35. Rb1 Re3 36. Rf1 b4 37. axb4 axb4 38. Rc1 Re7 39. Ra1 bxc3 40. bxc3 Rb7 41. Ra6+ Kd7 42. Nxd5 Rb2+ 43. Ke1 Nxg3 44. Nb6+ Ke7 45. Nxc4 Rc2 46. Ra7+ Kf8 47. Ne5 Rxc3 48. Rxf7+ Ke8 49. Rf4 Rc2 50. Nxg6 Kd7 51. Rf6 Re2+ 52. Kd1 Rh2 53. d5 Nf1 54. Ne5+ Ke7 55. Re6+ Kd8 56. d6 Ne3+ 57. Kc1 Nf5 58. d7 Ne7 59. Rd6 1-0

[Event "Oberliga Ost-A 1112"]
[Site "Germany"]
[Date "2011.11.20"]
[Round "4.1"]
[White "Gempe, Thomas"]
[Black "Proehl, Holger"]
[Result "1/2-1/2"]
[WhiteElo "2232"]
[BlackElo "2398"]
[PlyCount "41"]
[EventDate "2011.09.25"]
[EventType "team-tourn"]
[EventRounds "11"]
[EventCountry "GER"]
[SourceTitle "EXT 2013"]
[Source "ChessBase"]
[SourceDate "2012.11.22"]
[SourceVersion "1"]
[SourceVersionDate "2012.11.22"]
[SourceQuality "1"]
[WhiteTeam "Leipzig SG III"]
[BlackTeam "Loeberitz"]
[WhiteTeamCountry "GER"]
[BlackTeamCountry "GER"]

1. Nf3 d5 2. c4 c6 3. d4 Nf6 4. Nc3 e6 5. Bg5 Nbd7 6. cxd5 exd5 7. e3 Qa5 8. Nd2 Bd6 9. Bd3 0-0 10. Qc2 Re8 11. Bh4 Qc7 12. Bg3 a6 13. 0-0 Nf8 14. Rfe1 Bg4 15. Nf1 Bh5 16. f3 Bg6 17. Rac1 Rad8 18. Bh4 Be7 19. Bg3 Bd6 20. Bh4 Be7 21. Bg3 1/2-1/2

[Event "Oberliga Ost-A 1112"]
[Site "Germany"]
[Date "2011.10.22"]
[Round "2.1"]
[White "Womacka, Mathias"]
[Black "Proehl, Holger"]
[Result "1/2-1/2"]
[WhiteElo "2459"]
[BlackElo "2398"]
[PlyCount "85"]
[EventDate "2011.09.25"]
[EventType "team-tourn"]
[EventRounds "11"]
[EventCountry "GER"]
[SourceTitle "EXT 2013"]
[Source "ChessBase"]
[SourceDate "2012.11.22"]
[SourceVersion "1"]
[SourceVersionDate "2012.11.22"]
[SourceQuality "1"]
[WhiteTeam "Chemnitz"]
[BlackTeam "Loeberitz"]
[WhiteTeamCountry "GER"]
[BlackTeamCountry "GER"]

1. e4 e6 2. d4 d5 3. Nd2 c5 4. exd5 exd5 5. Ngf3 Nc6 6. Bb5 Bd6 7. dxc5 Bxc5 8. 0-0 Nge7 9. Nb3 Bd6 10. Re1 0-0 11. Bd3 h6 12. h3 Bf5 13. Nbd4 Bxd3 14. Qxd3 Qd7 15. Be3 Rad8 16. Rad1 Rfe8 17. c3 Bb8 18. Qc2 Na5 19. Bc1 Nc4 20. Re2 Ng6 21. Rde1 Rxe2 22. Rxe2 Nd6 23. Ne6 Re8 24. Nc5 Rxe2 25. Qxe2 Qc8 26. Nd3 Qc4 27. a3 Ne4 28. g3 Bd6 29. Be3 b6 30. Bd4 Qc7 31. Nb4 Bxb4 32. axb4 f6 33. Nd2 Nxd2 34. Qxd2 Ne7 35. Qe2 Qd7 36. h4 Kf7 37. Qh5+ Kf8 38. Qf3 Qf5 39. Kg2 Qxf3+ 40. Kxf3 h5 41. Be3 Nc6 42. Bf4 b5 43. Ke3 1/2-1/2

[Event "Loeberitz Ehrenpreis 4th"]
[Site "Loeberitz"]
[Date "2011.06.17"]
[Round "1"]
[White "Proehl, Holger"]
[Black "Paehtz, Elisabeth"]
[Result "0-1"]
[WhiteElo "2403"]
[BlackElo "2464"]
[PlyCount "156"]
[EventDate "2011.06.17"]
[EventType "tourn"]
[EventRounds "5"]
[EventCountry "GER"]
[EventCategory "10"]
[SourceTitle "CBM 142 Extra"]
[Source "ChessBase"]
[SourceDate "2011.06.27"]
[SourceVersion "1"]
[SourceVersionDate "2011.06.27"]
[SourceQuality "1"]

1. e4 c6 2. d4 d5 3. Nd2 g6 4. Ngf3 Bg7 5. c3 Nh6 6. Bd3 0-0 7. 0-0 Na6 8. Re1 Nc7 9. Nf1 dxe4 10. Bxe4 Qd6 11. Qe2 Ne6 12. Ne5 f6 13. Nc4 Qc7 14. Bf3 Nf7 15. g3 Rd8 16. a4 Rb8 17. Bg2 Bf8 18. h4 Ng7 19. Bf4 Nd6 20. g4 Be6 21. Nfe3 Bf7 22. Bg3 Qd7 23. Rad1 Nxc4 24. Nxc4 Rbc8 25. Ne3 Re8 26. c4 a5 27. b3 Qd8 28. Qb2 Qb6 29. c5 Qxb3 30. Qa1 Qa2 31. Qc3 Qxa4 32. Ra1 Qb4 33. Qd3 Red8 34. Red1 e5 35. Nc2 Qb3 36. Qd2 Bxc5 37. Rdb1 Qe6 38. Rxb7 Bxd4 39. Nxd4 Rxd4 40. Qxa5 Rxg4 41. Qb6 Rf8 42. Rc1 Rc4 43. Rxc4 Qxc4 44. Bxc6 Nf5 45. Bg2 Kg7 46. Rc7 Qd4 47. Qb3 Nxg3 48. Qxg3 Rd8 49. Bh3 Qd1+ 50. Kh2 Qd6 51. Qc3 Rf8 52. Rd7 Qb6 53. Kg1 Qb1+ 54. Kh2 Qa2 55. Kg1 Rb8 56. Re7 Qb1+ 57. Kh2 Rb7 58. Qc5 Rxe7 59. Qxe7 Qa2 60. Kg1 Qd5 61. Bd7 Qc4 62. h5 gxh5 63. Kg2 Qe4+ 64. Kg1 Qg6+ 65. Kf1 h4 66. Be6 h3 67. Bxh3 Qb1+ 68. Kg2 Qe4+ 69. Kg1 Kg6 70. Qf8 Qe1+ 71. Kh2 Qxf2+ 72. Bg2 Bd5 73. Qe8+ Bf7 74. Qa4 Qf4+ 75. Qxf4 exf4 76. Kh3 Kg5 77. Bf3 Be6+ 78. Kg2 h5 0-1